Napoli - Liverpool Champions League 2019-20 - Statistics

General Stats
  • This quiz has been taken 143 times
  • The average score is 20 of 29
Answer Stats
Player % Correct
Mohamed Salah
95%
Sadio Mané
92%
Virgil van Dijk
92%
Roberto Firmino
91%
Trent Alexander-Arnold
90%
Dries Mertens ¹
89%
Andrew Robertson
88%
Joël Matip
86%
Lorenzo Insigne
85%
Jordan Henderson
84%
Kalidou Koulibaly
84%
Fabinho
80%
Jürgen Klopp
79%
Alex Meret
78%
Adrián
70%
Mário Rui
70%
James Milner
67%
Giovanni Di Lorenzo
65%
Georginio Wijnaldum
61%
José Callejón
59%
Piotr Zieliński
57%
Kostas Manolas
56%
Fabián Ruiz
55%
Allan
53%
Carlo Ancelotti
48%
Fernando Llorente ¹
37%
Hirving Lozano
36%
Xherdan Shaqiri
30%
Elif Elmas
19%
No matching quizzes found
Score Distribution
Percent of People with Each Score
Percentile by Number Answered
Your Score History
You have not taken this quiz